Voyage 200: calculadora graficadora avanzada
Gardado en:
| Autor Corporativo: | |
|---|---|
| Formato: | Libro |
| Idioma: | Lingua castelá |
| Publicado: |
Dallas
Texas Instruments
2009
|
| Edición: | 1a. ed |
| Subjects: | |
| Tags: |
Engadir etiqueta
Sen Etiquetas, Sexa o primeiro en etiquetar este rexistro!
|
MARC
| LEADER | 00000cam a2200000 a 4500 | ||
|---|---|---|---|
| 001 | UCH8762 | ||
| 003 | CL-VaPUC | ||
| 008 | 091211e20090000US |||||||||||||||||spa|d | ||
| 082 | 0 | 4 | |a 681.145 |b TEX |2 21 |
| 110 | 2 | |a Texas Instruments |e author |9 545392 | |
| 245 | 1 | 0 | |a Voyage 200: calculadora graficadora avanzada |
| 246 | 1 | 0 | |a Voyage TM 200 |
| 250 | |a 1a. ed | ||
| 300 | |a 1 calculadora | ||
| 942 | |c BK | ||
| 945 | |d 20091211 00:00:00 |a cmena | ||
| 260 | |a Dallas |b Texas Instruments |c 2009 | ||
| 500 | |a Incluye Manual, Cd-Rom y accesorios de conexión | ||
| 500 | |a Características: Capacidad 2.7 MB de memoria; Software avanzado para ingenierías, cálculo, estadística, geometría y más; Poderosa y fácil de usar; Diseño ergonómico y portátil; Incluye conectividad USB con la PC/Mac | ||
| 500 | |a Poderoso Sistema de Cómputo Simbólico (CAS): cálculo, notación algebraica, gráficos (2D y 3D) y más | ||
| 500 | |a Interfaz de usuario con íconos y menús en español | ||
| 500 | |a Compatible con los proyectos de pantalla TI-Presenter y Panel ViewScreen | ||
| 500 | |a Diseño moderno con teclado QWERTY | ||
| 500 | |a Funciona con los recolectores de datos experimentales CBL 2TM y CBR 2TM | ||
| 650 | 0 | |a Calculadoras |9 353224 | |
| 650 | 0 | |a Aplicaciones de computadores |9 260401 | |
| 650 | 0 | |a Gráficos |9 351109 | |
| 583 | |a last modification |c 20181022 10:45:09 |k Rodrigo Vera | ||
| 999 | |c 338872 |d 338870 | ||
| 952 | |0 0 |1 0 |4 0 |6 681_145000000000000_TEX_2009 |7 0 |8 X |9 432084 |a BIBRNT |b BIBRNT |d 2019-11-22 |i 4626400 |o 681.145 TEX 2009 |p 4626400 |r 2023-01-23 |w 2019-11-22 |y CALC |k CIM | ||
| 952 | |0 0 |1 0 |4 0 |6 681_145000000000000_TEX_2009 |7 0 |8 X |9 432085 |a BIBRNT |b BIBRNT |d 2019-11-22 |i 4626419 |o 681.145 TEX 2009 |p 4626419 |r 2023-01-23 |w 2019-11-22 |y CALC |k CIM | ||
| 952 | |0 0 |1 0 |4 0 |6 681_145000000000000_TEX_2009 |7 0 |8 X |9 432086 |a BIBRNT |b BIBRNT |d 2019-11-22 |i 4626427 |o 681.145 TEX 2009 |p 4626427 |r 2023-01-23 |w 2019-11-22 |y CALC |k CIM | ||
| 952 | |0 0 |1 0 |4 0 |6 681_145000000000000_TEX_2009 |7 0 |8 X |9 432087 |a BIBRNT |b BIBRNT |d 2019-11-22 |i 4626435 |o 681.145 TEX 2009 |p 4626435 |r 2023-01-23 |w 2019-11-22 |y CALC |k CIM | ||
| 952 | |0 0 |1 0 |4 0 |6 681_145000000000000_TEX_2009 |7 0 |8 A |9 432088 |a BIBCUR |b BIBCUR |d 2019-11-22 |i 462744K |o 681.145 TEX 2009 |p 462744K |r 2023-01-23 |w 2019-11-22 |y CALC |k BAC | ||
| 952 | |0 0 |1 0 |2 ddc |4 0 |6 681_145000000000000_TEX_2009 |7 0 |8 A |9 432091 |a BIBAGR |b BIBAGR |d 2019-11-22 |i 472142K |l 1 |o 681.145 TEX 2009 |p 472142K |r 2022-05-16 |s 2022-05-16 |w 2019-11-22 |y CALC |k BAC | ||
| 952 | |0 0 |1 0 |4 0 |6 681_145000000000000_TEX_2009 |7 0 |8 A |9 432092 |a BIBCUR |b BIBCUR |d 2019-11-22 |i 4721438 |l 1 |o 681.145 TEX 2009 |p 4721438 |r 2023-01-23 |s 2022-03-14 |w 2019-11-22 |y CALC |k BAC | ||
| 952 | |0 0 |1 0 |4 0 |6 681_145000000000000_TEX_2009 |7 0 |8 A |9 432093 |a BIBCUR |b BIBCUR |d 2019-11-22 |i 4721446 |o 681.145 TEX 2009 |p 4721446 |r 2023-01-23 |w 2019-11-22 |y CALC |k BAC | ||
| 952 | |0 0 |1 0 |4 0 |6 681_145000000000000_TEX_2009 |7 0 |8 A |9 432095 |a BIBCUR |b BIBCUR |d 2019-11-22 |i 4721462 |o 681.145 TEX 2009 |p 4721462 |r 2023-01-23 |w 2019-11-22 |y CALC |k BAC | ||
| 952 | |0 0 |1 0 |4 0 |6 681_145000000000000_TEX_2009 |7 0 |8 R |9 432100 |a BIBING |b BIBING |d 2019-11-22 |i 4897226 |l 23 |o 681.145 TEX 2009 |p 4897226 |r 2025-01-20 |s 2024-06-17 |w 2019-11-22 |y CALC |k ING | ||
| 952 | |0 0 |1 0 |4 0 |6 681_145000000000000_TEX_2009 |7 0 |8 R |9 432102 |a BIBING |b BIBING |d 2019-11-22 |i 4897250 |l 27 |m 1 |o 681.145 TEX 2009 |p 4897250 |r 2025-01-20 |s 2024-12-09 |w 2019-11-22 |y CALC |k ING | ||
| 952 | |0 0 |1 0 |4 0 |6 681_145000000000000_TEX_2009 |7 0 |8 R |9 432103 |a BIBING |b BIBING |d 2019-11-22 |i 4897269 |l 17 |o 681.145 TEX 2009 |p 4897269 |r 2025-01-20 |s 2024-10-23 |w 2019-11-22 |y CALC |k ING | ||
| 952 | |0 0 |1 0 |4 0 |6 681_145000000000000_TEX_2009 |7 0 |8 R |9 432104 |a BIBING |b BIBING |d 2019-11-22 |i 4897285 |l 23 |o 681.145 TEX 2009 |p 4897285 |r 2025-01-20 |s 2024-07-08 |w 2019-11-22 |y CALC |k ING | ||
| 952 | |0 0 |1 0 |4 0 |6 681_145000000000000_TEX_2009 |7 0 |8 R |9 432105 |a BIBING |b BIBING |d 2019-11-22 |i 4897293 |l 21 |m 1 |o 681.145 TEX 2009 |p 4897293 |r 2025-01-20 |s 2024-07-02 |w 2019-11-22 |y CALC |k ING | ||
| 952 | |0 0 |1 0 |4 0 |6 681_145000000000000_TEX_2009 |7 0 |8 R |9 432106 |a BIBING |b BIBING |d 2019-11-22 |i 4897366 |l 25 |o 681.145 TEX 2009 |p 4897366 |r 2025-01-20 |s 2024-11-22 |w 2019-11-22 |y CALC |k ING | ||
| 952 | |0 0 |1 0 |4 0 |6 681_145000000000000_TEX_2009 |7 0 |8 R |9 432107 |a BIBING |b BIBING |d 2019-11-22 |i 4897382 |l 28 |o 681.145 TEX 2009 |p 4897382 |r 2025-01-20 |s 2024-06-17 |w 2019-11-22 |y CALC |k ING | ||
| 952 | |0 0 |1 0 |4 0 |6 681_145000000000000_TEX_2009 |7 0 |8 R |9 432108 |a BIBING |b BIBING |d 2019-11-22 |i 4897404 |l 28 |o 681.145 TEX 2009 |p 4897404 |r 2025-01-20 |s 2024-07-01 |w 2019-11-22 |y CALC |k ING | ||
| 952 | |0 0 |1 0 |4 0 |6 681_145000000000000_TEX_2009 |7 0 |8 R |9 432109 |a BIBING |b BIBING |d 2019-11-22 |i 4897439 |l 26 |m 1 |o 681.145 TEX 2009 |p 4897439 |r 2025-01-20 |s 2024-06-17 |w 2019-11-22 |y CALC |k ING | ||
| 952 | |0 0 |1 0 |4 0 |6 681_145000000000000_TEX_2009 |7 0 |8 R |9 432111 |a BIBING |b BIBING |d 2019-11-22 |i 4897463 |l 15 |o 681.145 TEX 2009 |p 4897463 |r 2025-01-20 |s 2024-06-17 |w 2019-11-22 |y CALC |k ING | ||
| 952 | |0 0 |1 0 |4 0 |6 681_145000000000000_TEX_2009 |7 0 |8 R |9 432113 |a BIBING |b BIBING |d 2019-11-22 |i 4897498 |l 30 |o 681.145 TEX 2009 |p 4897498 |r 2025-01-20 |s 2024-06-17 |w 2019-11-22 |y CALC |k ING | ||
| 952 | |0 0 |1 0 |4 0 |6 681_145000000000000_TEX_2009 |7 0 |8 R |9 432114 |a BIBING |b BIBING |d 2019-11-22 |i 4897501 |l 23 |m 1 |o 681.145 TEX 2009 |p 4897501 |r 2025-01-20 |s 2024-10-22 |w 2019-11-22 |y CALC |k ING | ||
| 952 | |0 0 |1 0 |4 0 |6 681_145000000000000_TEX_2009 |7 0 |8 R |9 432115 |a BIBING |b BIBING |d 2019-11-22 |i 489751K |l 35 |m 2 |o 681.145 TEX 2009 |p 489751K |r 2025-01-20 |s 2024-07-01 |w 2019-11-22 |y CALC |k ING | ||
| 952 | |0 0 |1 0 |3 cc |4 0 |6 681_145000000000000_TEX_2009 |7 0 |8 R |9 432116 |a BIBING |b BIBING |i 5246989 |l 21 |o 681.145 TEX 2009 |p 5246989 |r 2025-01-20 |s 2024-06-17 |w 2019-11-22 |y CALC |z Catalogado en:20151106 |k EIB | ||
| 952 | |0 0 |1 0 |3 cc |4 0 |6 681_145000000000000_TEX_2009 |7 0 |8 R |9 432117 |a BIBING |b BIBING |i 5246997 |l 25 |m 3 |o 681.145 TEX 2009 |p 5246997 |r 2025-01-20 |s 2024-06-19 |w 2019-11-22 |y CALC |z Catalogado en:20151106 |k EIB | ||
| 952 | |0 0 |1 0 |3 cc |4 0 |6 681_145000000000000_TEX_2009 |7 0 |8 R |9 432119 |a BIBING |b BIBING |i 5483778 |l 18 |o 681.145 TEX 2009 |p 5483778 |r 2025-01-20 |s 2024-11-25 |w 2019-11-22 |y CALC |z Catalogado en:20180727 |k ING | ||
| 952 | |0 0 |1 0 |3 cc |4 0 |6 681_145000000000000_TEX_2009 |7 0 |8 R |9 432120 |a BIBING |b BIBING |i 5483786 |l 18 |m 1 |o 681.145 TEX 2009 |p 5483786 |r 2025-01-20 |s 2024-06-17 |w 2019-11-22 |y CALC |z Catalogado en:20180727 |k ING | ||
| 952 | |0 0 |1 0 |3 cc |4 0 |6 681_145000000000000_TEX_2009 |7 0 |8 R |9 432121 |a BIBING |b BIBING |i 5483794 |l 32 |m 1 |o 681.145 TEX 2009 |p 5483794 |r 2025-01-20 |s 2024-12-10 |w 2019-11-22 |y CALC |z Catalogado en:20180727 |k ING | ||
| 952 | |0 0 |1 0 |3 cc |4 0 |6 681_145000000000000_TEX_2009 |7 0 |8 R |9 432122 |a BIBING |b BIBING |i 5483808 |l 15 |o 681.145 TEX 2009 |p 5483808 |r 2025-01-20 |s 2024-06-18 |w 2019-11-22 |y CALC |z Catalogado en:20180727 |k ING | ||
| 952 | |0 0 |1 0 |3 cc |4 0 |6 681_145000000000000_TEX_2009 |7 0 |8 R |9 432123 |a BIBING |b BIBING |i 5483816 |l 29 |o 681.145 TEX 2009 |p 5483816 |r 2025-01-20 |s 2024-11-21 |w 2019-11-22 |y CALC |z Catalogado en:20180727 |k ING | ||
| 952 | |0 0 |1 0 |3 cc |4 0 |6 681_145000000000000_TEX_2009 |7 0 |8 R |9 432125 |a BIBING |b BIBING |i 5483832 |l 31 |o 681.145 TEX 2009 |p 5483832 |r 2025-01-20 |s 2024-06-19 |w 2019-11-22 |y CALC |z Catalogado en:20180727 |k ING | ||